000
002630000a22001330004500
003
MACL
040
_a
MACL
090
_c
39562
_d
39560
100
_a
Eliot, George
245
_a
Romola
260
_b
J M Dent & Sons LTD
650
_a
Novel
942
_c
BOOK
_k
823/GEO
999
_c
39130
_d
39130